[Event "AUTO-INT-407"]
[Site "http://www.queenalice.com/game.php?id=193520"]
[Date "2007.4.7"]
[Round "1"]
[White "Chakal69"]
[Black "rodrigohuii"]
[Result "0-1"]
[WhiteElo "1696"]
[BlackElo "1680"]

1. e4 e5 2. Nf3 Nc6 3. Bc4 d6 4. c3 Nf6 5. d4 Nxe4 6. O-O Bg4 7. Qd3 Bxf3 8.
Qxf3 Ng5 9. Bxg5 Qxg5 10. Qxf7+ Kd8 11. Be6 Be7 12. Qf5 Qxf5 13. Bxf5 g6 14. Be6
Rf8 15. Nd2 exd4 16. cxd4 Nxd4 17. Bd5 c6 18. Bb3 Kc7 19. Rfe1 Bf6 20. Ne4 Nxb3
21. axb3 Bxb2 22. Rad1 d5 23. Ng5 Rf5 24. Ne6+ Kd6 25. Nd4 Bxd4 26. Rxd4 Raf8
27. f3 c5 28. Rd3 b5 29. Rde3 d4 30. Re6+ Kc7 31. Re7+ Kb6 32. R1e6+ Ka5 33.
Rxa7+ Kb4 34. Re1 R8f7 35. Raa1 Kxb3 36. Rec1 b4 37. Kf2 g5 38. Kg1 Re7 39. h3
Re2 40. Rab1+ Rb2 41. Ra1 c4 0-1

[Event "AUTO-INT-407"]
[Site "http://www.queenalice.com/game.php?id=193521"]
[Date "2007.4.7"]
[Round "1"]
[White "rodrigohuii"]
[Black "Chakal69"]
[Result "1-0"]
[WhiteElo "1642"]
[BlackElo "1703"]

1. e4 e5 2. Nf3 Nc6 3. Bb5 Nf6 4. Bxc6 bxc6 5. d3 d5 6. Bg5 Be7 7. O-O Qd6 8.
Bxf6 Bxf6 9. Nbd2 O-O 10. Rc1 Bg4 11. c3 Rab8 12. h3 Bh5 13. g4 Bg6 14. h4 h5
15. g5 Be7 16. Re1 f6 17. d4 exd4 18. cxd4 fxg5 19. e5 Qd8 20. b3 g4 21. Nh2
Bxh4 22. f3 Bxe1 23. Qxe1 gxf3 24. Ndxf3 Be4 25. Qg3 Rf5 26. Rxc6 a5 27. e6 a4
28. Rxc7 Qf6 29. Rf7 Qh6 30. Qxb8+ Kh7 31. Rxf5 Qc1+ 32. Kf2 Qc2+ 33. Kg3 Bxf5
34. e7 Bg6 35. e8=Q Bxe8 36. Qxe8 Qxa2 37. Qxh5+ Kg8 38. Qxd5+ 1-0

[Event "AUTO-INT-407"]
[Site "http://www.queenalice.com/game.php?id=193522"]
[Date "2007.4.7"]
[Round "1"]
[White "Chakal69"]
[Black "casacudoman"]
[Result "0-1"]
[WhiteElo "1666"]
[BlackElo "1888"]

1. e4 d5 2. exd5 Qxd5 3. Nc3 Qc5 4. d4 Qa5 5. Nf3 Bg4 6. Be2 Nf6 7. Bd2 Qb6 8.
Na4 Qd6 9. h3 Bf5 10. Nc3 Qb6 11. Na4 Qc6 12. Nc3 e6 13. Bb5 a6 14. Bxc6+ Nxc6
15. O-O O-O-O 16. Bg5 Bc5 17. Qe2 Bxd4 18. Rad1 h6 19. Be3 e5 20. Bxd4 exd4 21.
Na4 Rhe8 22. Qd2 Ne4 23. Qf4 Nd6 24. Nxd4 Re4 25. Qf3 Nxd4 26. Qg3 Ne2+ 27. Kh2
Nxg3 28. fxg3 Rxa4 29. a3 Bxc2 30. Rd2 Rc4 31. g4 Bg6 32. b3 Rc3 33. Rb2 Ne4 34.
h4 Nf6 35. Rf4 h5 36. gxh5 Bxh5 37. a4 Rd1 38. b4 Ng4+ 0-1

[Event "AUTO-INT-407"]
[Site "http://www.queenalice.com/game.php?id=193523"]
[Date "2007.4.7"]
[Round "1"]
[White "casacudoman"]
[Black "Chakal69"]
[Result "1-0"]
[WhiteElo "1844"]
[BlackElo "1684"]

1. e4 e5 2. Nh3 Nf6 3. Bc4 Nxe4 4. Qf3 Nf6 5. Ng5 Qe7 6. Nxf7 Rg8 7. O-O c6 8.
Qf5 g6 9. Qxe5 Qxe5 10. Nxe5 d5 11. Bb3 Bd6 12. d4 Nbd7 13. Re1 Kf8 14. Bh6+ Ke8
15. Nc3 b6 16. Nxc6+ Kf7 17. Nxd5 Nb8 18. Nde7+ 1-0

[Event "AUTO-INT-376"]
[Site "http://www.queenalice.com/game.php?id=207746"]
[Date "2007.5.8"]
[Round "2"]
[White "SmartPatzer"]
[Black "Chakal69"]
[Result "1-0"]
[WhiteElo "1813"]
[BlackElo "1708"]

1. e4 e5 2. Nc3 Nf6 3. g3 d5 4. exd5 Nxd5 5. Bg2 Nxc3 6. bxc3 Bd7 7. Bxb7 Na6 8.
Bxa8 Qxa8 9. f3 e4 10. Qe2 Qc6 11. Qxe4+ Qxe4+ 12. fxe4 Bd6 13. Nf3 Nc5 14. O-O
Nxe4 15. Re1 Bc6 16. d3 O-O 17. dxe4 Bc5+ 18. Be3 Bxe3+ 19. Rxe3 Re8 20. Rd1 f5
21. e5 Bxf3 22. Rxf3 Rxe5 23. Rd8+ 1-0

[Event "AUTO-INT-376"]
[Site "http://www.queenalice.com/game.php?id=207747"]
[Date "2007.5.8"]
[Round "2"]
[White "Chakal69"]
[Black "SmartPatzer"]
[Result "0-1"]
[WhiteElo "1634"]
[BlackElo "1841"]

1. e4 e6 2. Nf3 c6 3. d3 d5 4. e5 Qb6 5. b3 c5 6. d4 Nc6 7. Be3 cxd4 8. Nxd4
Nxe5 9. Nc3 Qa5 10. Bd2 Qb6 11. Be3 Qc7 12. Qd2 Bb4 13. Ndb5 Qc6 14. Bd4 f6 15.
a3 Bd6 16. Nxa7 Qc7 17. Ncb5 Qe7 18. Bb6 Bd7 19. a4 Bb4 20. c3 Bd6 21. f4 Nc6
22. Nxc6 Bxc6 23. Be2 Nh6 24. O-O O-O 25. Nxd6 Qxd6 26. c4 Nf5 27. a5 d4 28. b4
Rf7 0-1

[Event "AUTO-INT-376"]
[Site "http://www.queenalice.com/game.php?id=207748"]
[Date "2007.5.8"]
[Round "2"]
[White "shirya00007"]
[Black "Chakal69"]
[Result "1-0"]
[WhiteElo "2041"]
[BlackElo "1717"]

1. d4 d5 2. c4 Nf6 3. cxd5 Nxd5 4. e4 Nf6 5. Nc3 e6 6. Bd3 Qxd4 7. Bb5+ Qd7 8.
Bxd7+ Bxd7 9. e5 Nd5 10. Nxd5 exd5 11. Nf3 f6 12. Qxd5 c6 13. Qb3 b5 14. e6 Bc8
15. O-O a5 16. Re1 Bb4 17. Bd2 Bd6 18. Rad1 a4 19. Qd3 Ke7 20. Ba5 Bxe6 21.
Qxd6+ 1-0

[Event "AUTO-INT-376"]
[Site "http://www.queenalice.com/game.php?id=207749"]
[Date "2007.5.8"]
[Round "2"]
[White "Chakal69"]
[Black "shirya00007"]
[Result "0-1"]
[WhiteElo "1679"]
[BlackElo "2115"]

1. e4 d5 2. exd5 Qxd5 3. Nc3 Qa5 4. d4 c6 5. a3 Bf5 6. b4 Qc7 7. g4 Bg6 8. h4 h6
9. Nh3 e6 10. Bf4 Bd6 11. Bxd6 Qxd6 12. h5 Bh7 13. b5 Ne7 14. bxc6 Nbxc6 15. Bb5
a6 16. Ba4 Rc8 17. Ng1 b5 18. Bb3 Nxd4 19. Nce2 Qc6 20. Rh3 Nxc2+ 21. Bxc2 Bxc2
22. Qd4 O-O 23. Nf3 Rfd8 24. Qb2 f6 25. Nfd4 Qe4 26. Re3 Qh1+ 27. Kd2 Qd5 28.
Rc1 Ba4 29. Rxc8 Nxc8 30. Kc1 Qh1+ 31. Kd2 e5 32. Ng3 Qd1+ 0-1

[Event "AUTO-OPEN-584"]
[Site "http://www.queenalice.com/game.php?id=224383"]
[Date "2007.6.13"]
[Round "2"]
[White "rxk"]
[Black "Chakal69"]
[Result "0-1"]
[WhiteElo "1848"]
[BlackElo "1685"]

1. d4 d5 2. c4 Nf6 3. Nc3 Bf5 4. e3 e6 5. Nf3 Bb4 6. a3 Bxc3+ 7. bxc3 O-O 8.
cxd5 exd5 9. Nh4 Bd7 10. Nf3 Bg4 11. h3 Bxf3 12. Qxf3 Nc6 13. c4 Qd7 14. Bd3
Rad8 15. Bf5 Qe7 16. c5 Nxd4 0-1

[Event "AUTO-OPEN-584"]
[Site "http://www.queenalice.com/game.php?id=224384"]
[Date "2007.6.13"]
[Round "2"]
[White "Chakal69"]
[Black "rxk"]
[Result "0-1"]
[WhiteElo "1634"]
[BlackElo "1836"]

1. e4 c5 2. Nf3 d6 3. Bc4 e6 4. d4 cxd4 5. Nxd4 Nc6 6. Bb5 Bd7 7. Nc3 a6 8. Ba4
Rc8 9. Nf3 Nf6 10. Bg5 Be7 11. O-O b5 12. Bb3 b4 13. Na4 Na5 14. Rc1 Nxb3 15.
cxb3 Rxc1 16. Qxc1 Nxe4 17. a3 Nxg5 18. Nd4 O-O 19. Qd1 d5 20. Nf3 Nxf3+ 0-1